MARC details
| 000 -LEADER |
| campo de control de longitud fija |
01711nam a22004095 4500 |
| 001 - NÚMERO DE CONTROL |
| campo de control |
195833 |
| 003 - IDENTIFICADOR DE NÚMERO DE CONTROL |
| campo de control |
SpMaBN |
| 005 - FECHA Y HORA DE LA ÚLTIMA TRANSACCIÓN |
| campo de control |
20250309063128.0 |
| 008 - DATOS DE LONGITUD FIJA--INFORMACIÓN GENERAL |
| campo de control de longitud fija |
240721r20062004sp | ||| ||spa |
| 016 7# - NÚMERO DE CONTROL DE UNA AGENCIA BIBLIOGRÁFICA NACIONAL |
| Número de control del registro |
bimoBNE20061029574 |
| Fuente |
SpMaBN |
| 017 ## - NÚMERO DE COPYRIGHT O DE DEPÓSITO LEGAL |
| Número de copyright o de depósito legal |
B 28531-2006 |
| Agencia que asigna |
Oficina Depósito Legal Barcelona |
| 020 ## - NÚMERO INTERNACIONAL ESTÁNDAR DEL LIBRO |
| Número Internacional Estándar del Libro |
8401820731 |
| 035 ## - NÚMERO DE CONTROL DEL SISTEMA |
| Número de control de sistema |
(OCoLC)433531915 |
| 035 ## - NÚMERO DE CONTROL DEL SISTEMA |
| Número de control de sistema |
bimo0002138962 |
| 040 ## - FUENTE DE CATALOGACIÓN |
| Centro catalogador/agencia de origen |
SpMaBN |
| Lengua de catalogación |
spa |
| Centro/agencia transcriptor |
SpMaBN |
| Normas de descripción |
rdc |
| 080 ## - NÚMERO DE LA CLASIFICACIÓN DECIMAL UNIVERSAL |
| Número de la Clasificación Decimal Universal |
728.81(460)(036) |
| 100 ## - ENTRADA PRINCIPAL--NOMBRE DE PERSONA |
| Nombre de persona |
Gassós, Dolores |
| Número de control del registro de autoridad o número normalizado |
XX839243 |
| 9 (RLIN) |
237572 |
| 245 10 - MENCIÓN DEL TÍTULO |
| Título |
Conocer España por sus castillos / |
| Mención de responsabilidad, etc. |
Dolores Gassós. |
| 260 ## - PUBLICACIÓN, DISTRIBUCIÓN, ETC. |
| Lugar de publicación, distribución, etc. |
Barcelona : |
| Nombre del editor, distribuidor, etc. |
Random House Mondadori, |
| Fecha de publicación, distribución, etc. |
[2006] |
| 300 ## - DESCRIPCIÓN FÍSICA |
| Extensión |
188 p. : |
| Otras características físicas |
il. col., planos ; |
| Dimensiones |
23 cm |
| 336 ## - TIPO DE CONTENIDO |
| Fuente |
rdacontent |
| Término de tipo de contenido |
texto |
| 337 ## - TIPO DE MEDIO |
| Fuente |
rdamedia |
| Nombre/término del tipo de medio |
sin mediación |
| 338 ## - TIPO DE SOPORTE |
| Fuente |
rdacarrier |
| Nombre/término del tipo de soporte |
volumen |
| 500 ## - NOTA GENERAL |
| Nota general |
Índice |
| 650 #7 - PUNTO DE ACCESO ADICIONAL DE MATERIA--TÉRMINO DE MATERIA |
| Término de materia o nombre geográfico como elemento de entrada |
Castillos |
| Subdivisión geográfica |
España |
| Subdivisión de forma |
Guías turísticas |
| Fuente del encabezamiento o término |
embne |
| 9 (RLIN) |
237573 |
| 852 ## - LOCALIZACIÓN |
| Ubicación |
ES-MaACL |
| Ubicación en estantería |
Depósito J |
| Número de control de estantería |
N-8847 |
| Donativo/Legado |
Donación: A. Bravo |
| Encuadernación |
Encuadernación: rústica |
| itemnumber |
204702 |
| 903 ## - NOMBRE PERSONAL DE DONANTE |
| 9 |
234203 |
| a |
Bravo, Arturo |
| e |
Donante |
| 942 ## - ELEMENTOS DE ENTRADA SECUNDARIOS (KOHA) |
| Fuente del sistema de clasificación o colocación |
Clasificación decimal universal |
| Tipo de ítem Koha |
Libro impreso |
| Suprimir en OPAC |
No |
| 954 ## - CATALOGADORES |
| Estado de la copia |
Tatiana Alejandra de Castro Pérez |
| 980 ## - EQUIVALENCIA O REFERENCIA-CRUZADA-MENCIÓN DE SERIE--NOMBRE DE PERSONA/TÍTULO [LOCAL, CANADÁ] |
| Nombre de persona |
B 26413-2006 |
| -- |
84-01-82073-1 |
| -- |
SpMaBN |
| Numeración |
BNALCALA |
| Calificador de atribución |
AHM/846801 |
| Títulos y otros términos asociados al nombre |
SG_PETANTI |
| 980 ## - EQUIVALENCIA O REFERENCIA-CRUZADA-MENCIÓN DE SERIE--NOMBRE DE PERSONA/TÍTULO [LOCAL, CANADÁ] |
| Nombre de persona |
B 26413-2006 |
| -- |
84-01-82073-1 |
| -- |
SpMaBN |
| Numeración |
BNALCALA |
| Títulos y otros términos asociados al nombre |
SG_PETANTI |
| Calificador de atribución |
AHMO/229558 |
| 980 ## - EQUIVALENCIA O REFERENCIA-CRUZADA-MENCIÓN DE SERIE--NOMBRE DE PERSONA/TÍTULO [LOCAL, CANADÁ] |
| Nombre de persona |
B 26413-2006 |
| -- |
84-01-82073-1 |
| -- |
SpMaBN |
| Numeración |
BNALCALA |
| Calificador de atribución |
DL/1513228 |
| Títulos y otros términos asociados al nombre |
CONSERVACI |
| 980 ## - EQUIVALENCIA O REFERENCIA-CRUZADA-MENCIÓN DE SERIE--NOMBRE DE PERSONA/TÍTULO [LOCAL, CANADÁ] |
| Nombre de persona |
B 20718-2006 |
| -- |
84-01-82073-1 |
| -- |
SpMaBN |
| Numeración |
BNALCALA |
| Calificador de atribución |
DL/1525404 |
| Títulos y otros términos asociados al nombre |
CONSERVACI |
| 980 ## - EQUIVALENCIA O REFERENCIA-CRUZADA-MENCIÓN DE SERIE--NOMBRE DE PERSONA/TÍTULO [LOCAL, CANADÁ] |
| Nombre de persona |
B 20718-2006 |
| -- |
84-01-82073-1 |
| -- |
SpMaBN |
| Numeración |
BNMADRID |
| Calificador de atribución |
GOYA 7(460) ESP GAS |
| Fechas asociadas al nombre |
GOYA 728(460) GAS |
| Títulos y otros términos asociados al nombre |
REF_SGOYA |